Statistics for Rock Song to Band

Click here to take the quiz!

General Stats

  • This quiz has been taken 30 times
  • The average score is 3 of 15

Answer Stats

SongBand% Correct
AqualungJethro Tull
68%
SpoonmanSoundgarden
50%
Around the WorldRed Hot Chili Peppers
43%
Back in the SaddleAerosmith
29%
The Spirit of RadioRush
29%
Golden BrownThe Stranglers
14%
ApostropheFrank Zappa
11%
Club FootKasabian
11%
Little MonsterRoyal Blood
7%
Weekend-ManRoyal Republic
7%
Given to FlyPearl Jam
4%
Yuve Yuve YuThe Hu
4%
H.B. Is in ControlClutch
0%
Ojo RojoFu Manchu
0%
Feed the MantaraySlaves
0%

Score Distribution

Percentile by Number Answered

Percent of People with Each Score

Your Score History

You have not taken this quiz